00189nam a2200073Ia 4500008004100000100001600041245003000057260002800087190216s9999||||xx |||||||||||||| ||und|| aDr.Kurup Ng 0aCrestasian Antha Sraviyam bKerala Bhasha Institute